000 00331 a2200109 4500
001 ART_32731
005 20260410161841.0
008 260409a
245 1 0 _aReflexiones introductorias: el municipio en la globalización
100 1 _aRosatti, Horacio
773 0 _tRAP
_g- Año 37, Nº 443 (ago. 2015)
_wREV5941
999 _c24070
_d24070